000 00665nam a2200205Ia 4500
003 GCL
008 140319s9999 xx 000 0 ara d
040 _aGCL /
_cGCL
082 0 4 _a623.746
_bر ط
100 1 _aريتشاردسون، دوغ
245 1 0 _aطائرات التجسس الحديثة /
_cريتشاردسون، دوغ
250 _aالاولى
260 _aبيروت :
_bدار عويدات للنشر والطباعة ،
_c1992
300 _a119 ص ؛
_c20 سم
650 0 4 _aالطائرات الحربية
650 0 4 _aالتجسس
650 0 4 _aالطائرات المقاتله
650 0 4 _aطائرات التجسس
942 _2ddc
_cBK
999 _c5333
_d5333